000 00670nam a2200229Ia 4500
003 OSt
005 20221007070220.0
006 a|||||r|||| 00| 0
007 ta
008 221006b |||||||| |||| 00| 0 eng d
024 _a15,260
037 _cTextual
040 _aFLL
_cFLL
_beng
041 _2eng
_aeng
082 _aX:9585OaT.I.N70-N19, L2
100 _aGuigui A. Au.
_9687255
245 0 _aContribution of the ILO to workers education 1919-1970
260 _aGeneva
_bInternational labour office Geneva
_c1972
300 _a187p
_ccm.
942 _hX:9585OaT.I.N70-N19, L2
_cTEXL
_2CC
999 _c1139822
_d1139822